[Event "FIDE Grand Prix Palma 2017"]
[Site "Palma de Mallorca"]
[Date "2017.11.22"]
[Round "6"]
[White "Nakamura, Hikaru"]
[Black "Ding, Liren"]
[Result "1/2-1/2"]
[WhiteElo "2780"]
[BlackElo "2774"]
[Annotator "RC"]
[PlyCount "41"]
[EventDate "2017.??.??"]
[EventType "swiss"]
[EventCountry "ESP"]
[SourceTitle "playchess.com"]
[Source "ChessBase"]
[SourceQuality "1"]
[TimeControl "40/6000+30:20/3000+30:900+30"]

1. d4 {[%emt 0:00:00]} Nf6 {[%emt 0:00:07]} 2. c4 {[%emt 0:00:00]} e6 {[%emt 0:00:05]} 3. Nf3 {[%emt 0:00:01]} d5 {[%emt 0:00:06]} 4. Nc3 {[%emt 0:00:05]} c6 {[%emt 0:00:06]} 5. g3 {[%emt 0:00:08]} dxc4 {[%emt 0:03:21]} 6. Bg2 {[%emt 0:00:10]} Nbd7 {[%emt 0:03:04]} 7. O-O {[%emt 0:00:25]} Be7 {[%emt 0:00:06]} 8. a4 {[%emt 0:00:19]} O-O {[%emt 0:01:28]} 9. a5 {[%emt 0:00:05]} Nd5 {[%emt 0:08:20]} 10. Bd2 {[%emt 0:00:54]} b5 {[%emt 0:10:39]} 11. axb6 {[%emt 0:00:19]} Qxb6 {[%emt 0:02:05]} 12. Na4 {[%emt 0:00:22]} Qd8 {[%emt 0:06:58]} 13. Qc2 {[%emt 0:20:18]} Ba6 {[%emt 0:02:49]} 14. Rfd1 {[%emt 0:05:17]} Bb5 {[%emt 0:01:26]} 15. e4 {[%emt 0:20:07]} Nb4 {[%emt 0:02:04]} 16. Bxb4 {[%emt 0:01:13]} Bxb4 {[%emt 0:00:05]} 17. d5 {[%emt 0:00:03]} cxd5 {[%emt 0:02:57]} 18. Nd4 {[%emt 0:01:12]} Bxa4 {[%emt 0:07:26]} 19. Rxa4 {[%emt 0:00:01]} Bc5 {[%emt 0:00:59]} 20. exd5 {[%emt 0:01:46]} Bxd4 {[%emt 0:29:07]} 21. Rxd4 {[%emt 0:04:07]} 1/2-1/2

[Event "FIDE Grand Prix Palma 2017"]
[Site "Palma de Mallorca"]
[Date "2017.11.22"]
[Round "6"]
[White "Harikrishna, Pentala"]
[Black "Vachier-Lagrave, Maxime"]
[Result "1/2-1/2"]
[WhiteElo "2738"]
[BlackElo "2796"]
[Annotator "TA RC"]
[PlyCount "87"]
[EventDate "2017.??.??"]
[EventType "swiss"]
[EventCountry "ESP"]
[SourceTitle "playchess.com"]
[Source "ChessBase"]
[SourceQuality "1"]

{[%evp 13,87,-7,-3,-5,30,15,20,22,30,32,35,25,88,74,79,95,60,64,69,67,81,76,101,100,90,81,85,67,85,83,88,35,70,14,13,12,11,16,18,15,33,0,0,0,0,0,0,0,22,23,26,24,30,34,31,18,18,22,22,0,78,78,102,54,57,27,29,20,52,56,54,0,0,0,0,0]} 1. Nf3 c5 2. c4 Nc6 3. d4 cxd4 4. Nxd4 Nf6 5. Nc3 e6 6. g3 Qb6 7. Nf3 {A33: Englische Eröffnung (Symmetrische Variante)} Bb4 {LiveBook: 4 Partien} 8. Bg2 O-O $146 (8... Qc5 {is more complex.} 9. Qd3 Ng4 10. O-O Nge5 11. Nxe5 Nxe5 12. Qd2 Nxc4 13. Qc2 Qa5) ({Vorgänger:} 8... Qa6 9. Qb3 d5 10. cxd5 exd5 11. O-O O-O 12. Nxd5 Nxd5 13. Qxd5 Qxe2 {½-½ (30) Hracek,Z (2635)-Bologan,V (2672) Tromsoe 2013}) 9. O-O {Weiß hat minimalen Vorteil.} Bxc3 10. bxc3 Qc5 11. Qa4 {Droht La3 und aus.} Re8 12. Nd4 Ne5 (12... d5 $11) 13. Qb5 $16 d6 {[#]} 14. Qxc5 $1 dxc5 15. Nb5 $1 {[%cal Rb5c7] Sc7 ist eine echte Drohung.} Rd8 16. Na3 a6 17. Bf4 Ned7 18. Rfd1 Re8 19. Rab1 e5 20. Be3 e4 21. h3 h6 22. Nc2 (22. Rd6 $16) 22... b6 23. a4 (23. Rd2 $14) 23... Ne5 $11 24. Na3 Be6 25. Rxb6 Bxc4 26. Rb2 Nd5 27. Bf4 Nxc3 28. Rdd2 {[#] Schwarz muss nun Lxe5 beachten.} Nxe2+ 29. Kh2 {Droht stark Lxe5.} Nxf4 30. gxf4 Nd3 (30... Bd3 {feels hotter.} 31. fxe5 Rab8 32. Kg3 c4 33. Nxc4 Bxc4 34. Bxe4 Rxb2 35. Rxb2 f5) 31. Nxc4 {zielt auf Tb6 ab.} Nxb2 32. Rxb2 Rab8 33. Rc2 Rb4 34. a5 {[%mdl 1024] Weiss hat Kompensation.} Ra4 35. Bf1 Re6 36. Rd2 Ra1 (36... Rf6 $11) 37. f5 $16 Re8 38. Be2 g6 39. fxg6 fxg6 40. Kg2 Kg7 41. Rd7+ Kf6 42. Ra7 (42. Ne3 $14) 42... Ra2 $11 43. Rxa6+ Re6 44. Rxe6+ {Precision: Weiß = 70%, Schwarz = 62%.} 1/2-1/2

[Event "FIDE Grand Prix Palma 2017"]
[Site "Palma de Mallorca"]
[Date "2017.11.22"]
[Round "6"]
[White "Tomashevsky, Evgeny"]
[Black "Radjabov, Teimour"]
[Result "1-0"]
[WhiteElo "2702"]
[BlackElo "2741"]
[Annotator "TA"]
[PlyCount "115"]
[EventDate "2017.??.??"]
[EventType "swiss"]
[EventCountry "ESP"]
[SourceTitle "playchess.com"]
[Source "ChessBase"]
[SourceQuality "1"]

{[%evp 21,115,26,29,26,22,19,37,26,38,27,55,52,43,37,44,20,37,26,37,42,48,0,24,0,0,0,0,0,21,0,59,53,43,55,67,38,80,71,56,67,198,152,164,137,137,97,108,108,108,108,108,104,106,108,112,104,97,129,139,139,135,135,135,137,139,139,138,141,141,141,139,138,145,142,140,137,140,125,142,132,132,131,134,122,122,126,120,128,145,137,162,128,114,108,573,572]} 1. d4 d6 2. e4 Nf6 3. Nc3 g6 4. Nf3 Bg7 5. Be2 O-O 6. O-O c6 7. a4 Nbd7 8. a5 Qc7 9. Be3 e5 {B08: Pirc Defence: Classical System} (9... Rb8 10. d5 Nc5 11. Nd2 b6 12. axb6 axb6 13. Bf3 Bb7 14. Re1 Nfd7 15. Bg5 Rfe8 16. Ra3 h6 17. Be3 Ra8 18. Rxa8 Rxa8 {0-1 (45) Yilmaz,M (2531)-Kokarev,D (2635) Moscow 2013}) 10. h3 exd4 11. Bxd4 Re8 {LiveBook: 4 Games. White has an edge.} 12. Bc4 Nf8 13. Re1 Be6 14. Bf1 $146 ({Predecessor:} 14. e5 Bxc4 15. exf6 Bh8 16. b3 Rxe1+ 17. Qxe1 {0-1 (43) Yepez Gutierrez,J (2187)-Martins Mesquita,U (2458) CADAP email 2004}) 14... N8d7 15. Ng5 a6 16. Qd2 c5 17. Be3 Ne5 18. Bf4 Rad8 19. Nxe6 fxe6 20. Na4 Nf7 21. Rad1 Nh5 22. Be3 Nf6 $1 23. Bf4 Qc6 24. Nc3 Kh8 25. b3 h6 (25... Nh5 $11) 26. Bd3 g5 27. Bh2 Nd7 28. Ne2 Nfe5 29. f4 gxf4 30. Nxf4 Bf6 ({Black should try} 30... c4 $14 31. bxc4 Nxc4 32. Bxc4 Qxc4) 31. Kh1 Kh7 32. Rf1 Bg5 33. Qe2 Nf6 34. Nh5 Rf8 35. Bxe5 dxe5 36. Nxf6+ Bxf6 37. Bc4 {[#] Threatens to win with Rxd8.} Qe8 38. Qg4 Rxd1 39. Rxd1 Rg8 40. Qxe6 Qxe6 41. Bxe6 $16 {[%mdl 4096] Endgame KRB-KRB} Rd8 42. Bd5 Kg7 43. g3 Rd7 44. h4 Bd8 45. Ra1 Kf6 46. Kg2 Kg6 47. Kf3 Rg7 48. c3 h5 49. Ra2 Kf6 50. Kg2 Kg6 51. Kf2 Kf6 52. Kf3 Kg6 53. b4 cxb4 54. cxb4 {[%cal Bc3b4,Bb4b5][%mdl 32]} Kh6 55. Rc2 Be7 56. Rb2 Bd8 57. Rb3 b6 $2 {[%mdl 8192] [#]} (57... Rc7 $16 {is tougher.} 58. Kg2 Rd7) 58. b5 {Precision: White = 59%, Black = 60%.} 1-0

[Event "FIDE Grand Prix Palma 2017"]
[Site "Palma de Mallorca"]
[Date "2017.11.22"]
[Round "6"]
[White "Riazantsev, Alexander"]
[Black "Rapport, Richard"]
[Result "0-1"]
[WhiteElo "2651"]
[BlackElo "2692"]
[Annotator "TA"]
[PlyCount "74"]
[EventDate "2017.??.??"]
[EventType "swiss"]
[EventCountry "ESP"]
[SourceTitle "playchess.com"]
[Source "ChessBase"]
[SourceQuality "1"]

{[%evp 13,74,32,41,26,38,39,44,41,68,-10,-6,-9,0,0,0,-11,0,8,27,25,25,17,29,20,23,19,25,19,50,29,67,71,75,64,88,57,70,31,32,0,0,0,0,0,0,0,0,0,0,0,0,0,0,0,0,0,0,-710,-707,-736,-722,-29998,-29999]} 1. d4 e6 2. c4 f5 3. g3 Nf6 4. Bg2 Be7 5. Nf3 d5 6. O-O Ne4 {A92: Classical Dutch: Classical Stonewall (with ...Be7): Early deviations} 7. Nc3 c6 {LiveBook: 3 Games} 8. Nd2 {[%cal Rd2e4]} (8. Ne5 Nd7 9. Nxd7 Bxd7 10. Nxe4 fxe4 11. Bf4 O-O 12. e3 b5 13. c5 a5 14. f3 exf3 15. Bxf3 {½-½ (46) Ipatov,A (2625)-Rapport,R (2649) Germany 2015}) 8... Nd6 $146 {White has an edge.} ({Predecessor:} 8... Nxd2 9. Bxd2 dxc4 10. Be3 O-O 11. Qc2 Nd7 12. Rfd1 Nb6 13. Bc1 Nd5 14. e4 {1-0 (33) Feige,M-Rehm,U Gruenheide 1996}) 9. b3 Nd7 10. a4 h5 11. b4 (11. h4 $14) 11... h4 $11 12. b5 hxg3 13. hxg3 Nf6 14. Qb3 Bd7 15. a5 a6 {[%cal Ra6b5]} 16. bxc6 bxc6 17. Ba3 Rb8 18. Qc2 Nfe4 19. Ncxe4 fxe4 20. Rfb1 Rxb1+ 21. Qxb1 e3 22. Qg6+ Nf7 {Threatens to win with ...Bxa3.} 23. Bxe7 Qxe7 24. fxe3 O-O $1 25. Qd3 Qg5 $1 26. e4 dxc4 $1 27. Nxc4 c5 28. Qe3 Qxe3+ 29. Nxe3 cxd4 30. Nc2 e5 31. e3 Rc8 32. Nb4 dxe3 33. Bf1 Rb8 34. Nxa6 Rb2 $1 35. Nc5 $2 {[%mdl 8192] [#]} (35. Bc4 $11 Bc6 36. Re1) 35... Ng5 $1 $19 {[%cal Rg5f3] ( -> ...Nf3+)} 36. Bg2 {[#]} Bh3 $1 37. Bxh3 Nf3+ {Precision: White = 64%, Black = 67%.} 0-1

[Event "FIDE Grand Prix Palma 2017"]
[Site "Palma de Mallorca"]
[Date "2017.11.22"]
[Round "6"]
[White "Hammer, Jon Ludvig"]
[Black "Vallejo Pons, Francisco"]
[Result "1/2-1/2"]
[WhiteElo "2629"]
[BlackElo "2705"]
[Annotator "TA RC"]
[PlyCount "42"]
[EventDate "2017.??.??"]
[EventType "swiss"]
[EventCountry "ESP"]
[SourceTitle "playchess.com"]
[Source "ChessBase"]
[SourceQuality "1"]

{[%evp 18,42,25,0,0,0,0,0,0,0,0,-5,-2,-10,-4,-11,0,0,6,2,2,0,0,0,10,-10,0]} 1. d4 d5 2. c4 dxc4 3. e4 e5 4. Nf3 exd4 5. Bxc4 Bb4+ 6. Bd2 Bxd2+ 7. Nbxd2 Nc6 8. O-O Qf6 9. e5 {D20: Queen's Gambit Accepted: 3 e3 and 3 e4} Qg6 10. Nb3 {LiveBook: 7 Games} Bh3 {[%csl Gh3][%cal Rg6g2] [#] The position is equal.} 11. Nh4 Qg5 $1 12. Qf3 Be6 13. Bxe6 fxe6 14. Qe4 $146 {[%mdl 2048] White puts up resistance} ({Predecessor:} 14. Qh3 Qh6 15. Nc5 Nd8 {½-½ (37) Shapiro,V (2331)-Povarenkov,S (2219) ICCF email 2008}) 14... O-O-O 15. Nf3 Qf5 16. Rfe1 {[%cal Rf3d4]} Nh6 17. Nfxd4 Nxd4 18. Nxd4 Qxe4 19. Rxe4 Rhe8 20. Rc1 Rd5 21. Kf1 Nf5 1/2-1/2

[Event "FIDE Grand Prix Palma 2017"]
[Site "Palma de Mallorca"]
[Date "2017.11.23"]
[Round "7"]
[White "Vachier-Lagrave, Maxime"]
[Black "Tomashevsky, Evgeny"]
[Result "1/2-1/2"]
[WhiteElo "2796"]
[BlackElo "2702"]
[Annotator "TA"]
[PlyCount "83"]
[EventDate "2017.??.??"]
[EventType "swiss"]
[EventCountry "ESP"]
[SourceTitle "playchess.com"]
[Source "ChessBase"]
[SourceQuality "1"]

{[%evp 27,83,8,7,0,18,0,0,0,0,0,-4,-11,27,6,10,0,0,0,43,0,2,-9,0,-8,56,58,64,54,65,63,59,44,43,40,26,0,0,0,0,0,10,0,4,0,0,0,0,0,0,0,0,0,0,0,0,0,0,0]} 1. e4 e5 2. Nf3 Nc6 3. Bb5 {[%cal Bf1b5,Bb5a4,Ba4b3][%mdl 32]} a6 4. Ba4 Nf6 5. O-O Be7 6. d3 b5 7. Bb3 d6 8. a3 O-O 9. Nc3 Bg4 10. Be3 Nd4 {C84: Closed Ruy Lopez: Unusual White 6th moves} 11. Bxd4 exd4 12. Nd5 Nd7 (12... Nxd5 13. Bxd5 Rc8 14. Bc6 Bf6 15. a4 Bd7 16. Bxd7 Qxd7 17. Qd2 Qc6 18. b3 {1-0 (64) Vachier Lagrave,M (2804)-Aronian,L (2799) Tbilisi 2017}) 13. h3 Bxf3 14. Qxf3 a5 {LiveBook: 6 Games} 15. Nxe7+ Qxe7 16. Qg3 a4 17. Ba2 Qe5 18. f4 {[#]} Qc5 $146 19. Rfe1 Rae8 20. Re2 Re7 21. b4 axb3 22. Bxb3 Qb6 23. Rb1 Qa6 24. Qg5 Rfe8 25. Qd5 Qxa3 (25... c5 $11 26. a4 bxa4) 26. Qxb5 $14 Qc5 27. Bd5 Qxb5 28. Rxb5 Rc8 {Black wants to play ...c6.} 29. Bb7 Rb8 30. Re1 Nc5 31. Bc6 Rxb5 {The position is equal.} 32. Bxb5 $11 {[%mdl 4096] Endgame KRB-KRN} f5 $1 {[%cal Rf5e4]} 33. e5 dxe5 34. fxe5 g6 35. Kf2 Kg7 36. Kf3 g5 37. h4 Kg6 38. Bc4 Nd7 39. e6 Nf8 40. g4 fxg4+ 41. Kxg4 gxh4 42. Re4 {Precision: White = 29%, Black = 73%.} 1/2-1/2

[Event "FIDE Grand Prix Palma 2017"]
[Site "Palma de Mallorca"]
[Date "2017.11.23"]
[Round "7"]
[White "Ding, Liren"]
[Black "Giri, Anish"]
[Result "1/2-1/2"]
[WhiteElo "2774"]
[BlackElo "2762"]
[Annotator "TA RC"]
[PlyCount "83"]
[EventDate "2017.??.??"]
[EventType "swiss"]
[EventCountry "ESP"]
[SourceTitle "playchess.com"]
[Source "ChessBase"]
[SourceQuality "1"]

{[%evp 19,83,23,23,24,22,14,19,13,19,15,16,16,17,17,15,2,19,13,13,13,13,13,12,12,12,16,14,14,14,14,29,27,31,23,21,30,29,24,27,16,20,18,17,20,29,12,12,12,14,8,8,8,8,8,8,8,8,8,8,8,0,0,0,0,8,0]} 1. Nf3 d5 2. g3 g6 3. Bg2 Bg7 4. d4 Nf6 5. O-O O-O 6. c4 dxc4 7. Na3 c5 8. dxc5 c3 {D77: Fianchetto Grünfeld: 6 0-0: Replies other than 6...c6} 9. Nb5 Na6 {[%cal Bb8a6,Ba6c5,Bc5e4][%mdl 32]} 10. Nxc3 Nxc5 {LiveBook: 3 Games. White has an edge.} 11. Be3 {[#] Black must now prevent Qxd8.} Nfe4 12. Nxe4 Nxe4 13. Bd4 Bxd4 14. Qxd4 Qxd4 15. Nxd4 Nd6 16. Rfc1 {[#]} Rd8 $146 17. Rc7 Kf8 18. Rac1 Ne8 19. R7c4 Nd6 20. Rc5 Bd7 21. f4 Rac8 22. Kf2 Rxc5 23. Rxc5 Rc8 24. b4 f5 25. Bd5 Kg7 26. Nf3 e6 27. Rxc8 Bxc8 $11 {[%mdl 4096] Endgame KBN-KBN} 28. Bb3 Kf6 29. Ke3 Bd7 30. a4 Nf7 31. Kd4 h6 32. a5 b6 {The position is equal.} 33. axb6 axb6 34. e4 fxe4 35. Nd2 e5+ 36. fxe5+ Nxe5 37. Nxe4+ Kf5 38. Nd6+ Kf6 39. Bd5 g5 40. Ne4+ Kf5 41. Nd6+ Kf6 42. Ne4+ {Precision: White = 69%, Black = 85%.} 1/2-1/2

[Event "FIDE Grand Prix Palma 2017"]
[Site "Palma de Mallorca"]
[Date "2017.11.23"]
[Round "7"]
[White "Svidler, Peter"]
[Black "Nakamura, Hikaru"]
[Result "1/2-1/2"]
[WhiteElo "2763"]
[BlackElo "2780"]
[Annotator "TA"]
[PlyCount "92"]
[EventDate "2017.??.??"]
[EventType "swiss"]
[EventCountry "ESP"]
[SourceTitle "playchess.com"]
[Source "ChessBase"]
[SourceQuality "1"]

{[%evp 26,92,6,0,14,13,10,12,23,16,35,28,14,22,35,56,47,47,99,106,100,98,98,83,83,83,95,91,91,91,91,91,91,90,90,90,98,85,99,99,98,98,112,90,97,97,97,97,97,97,112,112,112,97,97,97,112,112,112,75,102,102,102,102,105,102,105,102,105]} 1. c4 Nf6 2. Nf3 e6 3. Nc3 d5 4. d4 Be7 5. g3 O-O 6. Bg2 dxc4 7. Ne5 Nc6 8. Bxc6 bxc6 9. Nxc6 Qe8 10. Nxe7+ Qxe7 11. Qa4 c5 12. dxc5 {E06: Closed Catalan: Early deviations} Qxc5 13. Be3 Qc7 14. O-O {LiveBook: 4 Games. The position is equal.} (14. Rd1 Bd7 15. Qa3 Nd5 16. Bd4 a5 17. Rd2 Nb4 18. O-O Qb7 19. Na4 Bxa4 20. Qxa4 {½-½ (45) Wei,Y (2696)-Nakamura,H (2787) Bilbao 2016}) 14... Nd5 15. Bd4 Bd7 16. Qa3 a5 17. Rad1 $146 ({Predecessor:} 17. Rfd1 Nb4 18. Rd2 Rfd8 19. Rad1 Bc6 20. b3 cxb3 21. Qxb3 Rdc8 22. a3 {½-½ (22) Molzahn,N (2109)-Klapp,H (2099) GER email 2014}) 17... Nb4 18. Bc5 Qxc5 19. Rxd7 Rab8 20. Rfd1 h6 21. Qa4 Nd5 (21... Qe5 $14) 22. Nxd5 $16 {White is better.} exd5 23. R7xd5 Qb4 24. Qc2 Qxb2 25. Qxc4 Rb4 26. Qc5 {[#] Black must now prevent Rd8.} Qxa2 27. Qxa5 Rb2 28. Qxa2 Rxa2 {[%mdl 4096] Endgame KRR-KRR} 29. e3 g6 30. g4 Rfa8 31. Kg2 R8a5 32. h4 Kg7 33. Kg3 R2a3 34. Kf4 R3a4+ 35. e4 Rxd5 36. Rxd5 {KR-KR} Ra3 37. f3 Rc3 38. Ra5 Rb3 39. Rc5 Ra3 40. Rb5 Rc3 41. Kg3 Ra3 42. g5 hxg5 43. hxg5 Rc3 44. Kg4 Ra3 45. Rb7 Ra4 46. Kf4 Ra5 {Precision: White = 78%, Black = 62%.} 1/2-1/2

[Event "FIDE Grand Prix Palma 2017"]
[Site "Palma de Mallorca"]
[Date "2017.11.23"]
[Round "7"]
[White "Radjabov, Teimour"]
[Black "Li, Chao b"]
[Result "1-0"]
[WhiteElo "2741"]
[BlackElo "2741"]
[Annotator "TA"]
[PlyCount "105"]
[EventDate "2017.??.??"]
[EventType "swiss"]
[EventCountry "ESP"]
[SourceTitle "playchess.com"]
[Source "ChessBase"]
[SourceQuality "1"]

{[%evp 18,105,0,0,0,0,0,1,11,4,0,0,0,0,9,11,11,10,10,0,13,8,20,16,41,43,41,25,54,46,58,53,47,60,51,53,50,52,60,56,129,127,125,127,140,140,139,146,175,182,181,153,180,195,258,274,416,420,554,554,650,631,859,853,851,830,862,830,1600,1524,1249,1070,1065,1055,1030,960,954,937,1314,1378,12840,12830,12839,12827,12845,12846,12846,12847,12847,852]} 1. c4 g6 2. e4 e5 3. d4 Nf6 4. Nf3 exd4 (4... Bb4+ 5. Nc3 Nxe4 6. Qc2 f5 7. Nxe5 c5 8. Bd2 Nxd2 9. Qxd2 d6 10. Nd3 Qe7+ 11. Be2 Bxc3 12. bxc3 Nc6 {1-0 (39) Jakovenko,D (2704)-Kokarev,D (2643) Khanty-Mansiysk 2016}) 5. e5 Bb4+ 6. Bd2 {A10: English Opening: Unusual Replies for Black} Qe7 7. Bxb4 Qxb4+ 8. Qd2 Qxd2+ 9. Nbxd2 Nh5 10. Nxd4 {LiveBook: 5 Games} Nc6 11. N2f3 $146 ({Predecessor:} 11. Nxc6 dxc6 12. O-O-O {1-0 (46) Suba,M (2531)-Jansa,V (2477) Bad Zwischenahn 2008}) 11... b6 12. Nb5 Kd8 13. O-O-O Re8 14. g3 a6 15. Nbd4 $1 {[%cal Rd4c6] [#]} Bb7 {Threatens to win with ...Nxd4.} 16. Nxc6+ Bxc6 17. Bh3 f5 18. Bg2 b5 19. Rhe1 bxc4 20. Nh4 Bxg2 21. Nxg2 Rb8 22. Rd4 g5 23. Red1 $36 {[%mdl 2048] White has the initiative.} Rxe5 24. Rxd7+ Kc8 25. Rxh7 Nf6 26. Rh8+ Kb7 27. Rxb8+ Kxb8 $14 {[%mdl 4096] Endgame KRN-KRN} 28. Ne3 f4 (28... Ne4 $14) 29. Nxc4 $16 Re2 30. Rd2 Re1+ 31. Kc2 Kb7 32. Kd3 Rh1 33. gxf4 gxf4 34. f3 Rf1 {[#]} 35. Ne5 $1 Re1 (35... Rg1 $142 36. Kd4 c6) 36. Ng4 $18 Nd5 (36... Nh7 {was necessary.} 37. h4 Kc6 38. Rc2+ Kd6) 37. h4 c5 {Now ...Nb4+ and Black clings on.} 38. h5 {White is clearly winning.} Nb4+ 39. Kc4 Rc1+ 40. Kb3 Nc6 41. h6 Nd4+ 42. Ka3 Nxf3 43. h7 Nxd2 44. h8=Q Nc4+ 45. Ka4 Nb6+ 46. Kb3 a5 47. Qf6 a4+ 48. Ka3 Ka6 49. Qxf4 Nc4+ 50. Kxa4 Nxb2+ 51. Kb3 Nd3 52. Qd6+ Kb5 53. a4+ {Precision: White = 92%, Black = 31%.} 1-0

[Event "FIDE Grand Prix Palma 2017"]
[Site "Palma de Mallorca"]
[Date "2017.11.23"]
[Round "7"]
[White "Jakovenko, Dmitry"]
[Black "Harikrishna, Pentala"]
[Result "1/2-1/2"]
[WhiteElo "2721"]
[BlackElo "2738"]
[Annotator "TA"]
[PlyCount "45"]
[EventDate "2017.??.??"]
[EventType "swiss"]
[EventCountry "ESP"]
[SourceTitle "playchess.com"]
[Source "ChessBase"]
[SourceQuality "1"]

{[%evp 33,45,0,0,0,0,0,15,0,6,6,0,-10,0,0]} 1. e4 c5 2. Nf3 e6 3. d4 cxd4 4. Nxd4 Nc6 5. Nc3 Qc7 6. Be3 a6 7. Be2 Nf6 8. O-O Be7 9. f4 d6 10. a4 O-O 11. Kh1 Re8 12. Bf3 Nxd4 13. Qxd4 e5 14. Qd2 exf4 15. Bxf4 Be6 {B85: Sicilian Scheveningen: 6 Be2 a6, lines with early Be3} 16. Rfd1 Rad8 17. a5 Ng4 {LiveBook: 3 Games. The position is equal.} 18. Bxg4 Bxg4 19. Nd5 Qd7 {[#]} 20. Rf1 $146 ({Predecessor:} 20. Re1 Be6 21. Nb6 Qb5 22. b3 Bf6 23. Rab1 {½-½ (33) Glek,I (2670)-Andersson,U (2640) Berlin 1996}) 20... Be6 21. b3 Bxd5 22. Qxd5 Qc6 23. Rad1 1/2-1/2

[Event "FIDE Grand Prix Palma 2017"]
[Site "Palma de Mallorca"]
[Date "2017.11.23"]
[Round "7"]
[White "Eljanov, Pavel"]
[Black "Hammer, Jon Ludvig"]
[Result "1-0"]
[WhiteElo "2707"]
[BlackElo "2629"]
[Annotator "TA"]
[PlyCount "49"]
[EventDate "2017.??.??"]
[EventType "swiss"]
[EventCountry "ESP"]
[SourceTitle "playchess.com"]
[Source "ChessBase"]
[SourceQuality "1"]

{[%evp 14,49,40,37,47,47,44,37,52,25,53,51,55,49,37,12,21,0,0,0,0,0,0,-10,76,86,77,85,193,190,264,231,675,680,751,666,632,536]} 1. e4 c6 2. Nf3 d5 3. exd5 cxd5 4. d4 Nf6 5. Bf4 Bg4 6. Nbd2 Nc6 7. c3 e6 {B13: Caro-Kann: Exchange Variation and Panov-Botvinnik Attack} 8. Qb3 {LiveBook: 30 Games} Bd6 (8... Qc8 9. Bd3 Be7 10. O-O O-O 11. Qc2 Bh5 12. Ne5 a6 13. Rae1 Bg6 14. Nxg6 hxg6 15. Nf3 b5 16. a3 Ra7 17. Qe2 Re8 18. h4 Bd8 19. g3 Ne7 20. Kg2 {1-0 (36) Berkes,F (2661)-McShane,L (2647) Heraklio 2017}) 9. Qxb7 O-O {White is slightly better.} 10. Bg3 Rc8 $146 ({Predecessor:} 10... Bxf3 11. Nxf3 Bxg3 12. hxg3 Qd6 13. Qb3 Ne4 14. Bd3 f5 15. O-O {1-0 (23) Colombo,F (2082)-Gehris,D ICCF email 2013}) 11. Bd3 Bxg3 12. hxg3 Qd6 13. Qa6 {Black must now prevent Ne5!} Rb8 14. Nb3 Rb6 15. Qa4 e5 16. dxe5 Nxe5 17. Nxe5 Qxe5+ 18. Kf1 {Bxh7+! is the strong threat.} Re8 {[#]} (18... Bf5 $11 19. Bxf5 Qxf5 20. Qxa7 Ne4 21. Qxb6 Nxg3+ 22. Kg1 Ne2+ 23. Kf1 Ng3+ 24. Kg1 Ne2+ 25. Kf1 Ng3+) 19. Bxh7+ $1 $16 {[%mdl 512]} Nxh7 20. Qxg4 Rf6 {[#]} (20... Nf6 $16 {might work better.} 21. Qh3 Qe2+ 22. Kg1 Kf8) 21. Nd4 $1 $18 Ng5 (21... Qg5 $142 22. Qxg5 Nxg5) 22. Kg1 {Hoping for Rh5.} Rxf2 $2 (22... g6) 23. Kxf2 {White is clearly winning.} Qe3+ 24. Kf1 {Threatens to win with Nf5.} Ne4 {[%csl Ge4][%cal Re3f2] [#]} 25. Qxg7+ $1 {[%mdl 512] Precision: White = 61%, Black = 31%.} 1-0